MDQL
is popping MORE tags! Check the
thread
!
Quizzes
Events
Quiz Creation
Community
Videos
Private Events
Remove Ads
Sign In
Join for FREE
Feedback
Dark Mode
Quiz Categories
Sports
Geography
Music
Movies
Television
Just For Fun
Miscellaneous
History
Literature
Language
Science
Gaming
Entertainment
Religion
Holiday
For Kids
Quiz Lab
Recent
Popular Today
Quiz Kudos Today
Editor Picks
Curator Picks
Quizzes by...
Day
Popularity
Type
Ratings
Length
Year
Community
Subscriptions
Recent Discussions
Orange Saloon
Badges
Playlists
Quests
Create
Leaderboards
Showdown
Live 5
Trivia Bingo
Activity
Puzzle Library
Sporcle Events
Private Events
Virtual Trivia
Globe League
Become a Host
Pub Owners
SporcleCon
Opinionation
Our Games
Videos
Blog
Mobile Apps
Partnerships
Remove Ads and Go Orange
Feedback
Entertainment
Celebrity
Famous
Musical
Broadway
Show
Quote
Comic Books
Anime
Superhero
DC Comics
Marvel
Cartoons
Animation
Entertainment
Celebrity
Famous
Musical
Broadway
Show
Quote
Comic Books
Anime
Superhero
DC Comics
Marvel
Cartoons
Animation
Random Quiz
Search Sporcle
×
Quiz Lab
Quiz Lab
Entertainment
Disney
Type in answers that appear in a list
Type in answers that appear in a list
Classic
Best Score? Go Orange.
Disney's Face Characters Stats
Can you name Disney's Face Characters?
By
PinkPurpleBlue
15m
42 Questions
387 Plays
387 Plays
387 Plays
Comments
Comments
Give Quiz Kudos
Give Quiz Kudos
-
- Ratings
hide this ad
Replay
Link that replays current quiz
Next Quiz
Link to next quiz in quiz playlist
You Got
0%
They Got
Avg Score
49%
Avg Friend Score
Upgrade to see
Score Distribution
Jump to the score distribution portion of the page
Score
0/42
Timer
15:00
0
Plays Today
Hint
Character
% Correct
Fairy
Tinkerbell
83.4%
Princess
Cinderella
83.2%
Princess
Ariel
79.5%
Princess
Snow White
78.5%
Princess
Belle
78%
Princess
Aurora
77.5%
ALL PRINCES-
type 'Prince' for answer
Prince
75.6%
Princess
Mulan
74.6%
Princess
Jasmine
73.3%
Princess/
queen
Elsa
71.8%
Hero
Peter Pan
71.5%
Princess
Tiana
71.2%
Princess
Anna
71%
Princess
Pocahontas
65.3%
Princess
Rapunzel
64.8%
Princess
Merida
64.8%
Heroine
Wendy
57.8%
Heroine
Alice
55.7%
VERY RARE
Maleficent
53.4%
Hero
Aladdin
51.6%
VERY RARE
Hercules
49.7%
Hint
Character
% Correct
Villain
Gaston
47.9%
RARE
Evil Queen
47.7%
Fairy
Silvermist
43%
Heroine
Megara
42.7%
Fairy
Fawn
38.6%
Heroine
Jane
35.2%
Fairy
Rosetta
35%
Villain
Lady Tremaine
34.5%
Fairy
Iridessa
32.4%
Villain
Anastasia
31.6%
Villain
Drizella
31.3%
RARE
Mad Hatter
31.1%
Fairy
Vidia
30.6%
Heroine
Mary Poppins
27.5%
Boy fairy
Terrence
24.4%
Heroine
Esmeralda
22%
VERY RARE
Bert
22%
Hero
Jack Sparrow
17.8%
Villain
Cruella Deville
13.5%
VERY RARE
Mowgli
13.2%
VERY RARE
Doctor Facillier
1%
Quiz Playlist
Details
Report
Send in Message
Add To Playlist
Classic:
Type in answers that appear in a list
Last Updated: Feb 19, 2017
Quiz Scoreboard
CHALLENGE
Sign Up to Join the Scoreboard
Show All
Scores
Hide
Comments
May contain spoilers
Recently Published
1-10 Letter E Words III
by El_Dandy
Language
2m
Street Fighter Characters
by Artimus82
Gaming
60s
College Basketball Coaching Resumes
by pancakes188
Sports
9m
More to Explore
Quiz From the Vault
Featured Blog Post
Where Did the Easter Bunny Come From?
hide this ad
You Might Also Like...
Tags
Actor Quiz
Disney Quiz
Disney Films
Disneyland
Disney Songs
Disney World
Kid Characters
WDW
WDW Magic
Today's Top Quizzes in Entertainment
Browse Entertainment
hide this ad
Today's Top Quizzes in Disney
Browse Disney
Top Contributed Quizzes in Entertainment
1
7-to-1: DC Comics Villains
2
Marvel Characters Bunker
3
Dragon Ball Z: Goku's Fights in Order
4
Eurovision 2023 Logic Puzzle
5
Sorting Pictures: Villains
6
Criteria Quickie: Cartoon Taxonomy II
7
Mini Trivia Sudoku: Musicals
8
7-to-1: One Piece
9
Fictional Villains Letter U Blitz
10
Click the Cartoon Scott
Explore More
Trending Topics
Marvel
Crossword
Anime
Kpop
NBA
Disney
Harry Potter
NFL
Country
Soccer
Pokémon
The Office
Puzzle
WWE
Song
hide this ad
More By:
PinkPurpleBlue
Quiz
Plays
Rating
Category
Featured
Created
Disney's Face Characters
387
1.75
Entertainment
Jan 12, 2014
'Hi my name is...' in Different Languages
63
1.33
Language
Jan 12, 2014
Go to Creator's Profile
Score Distribution
Quiz Creator Spotlight
PinkPurpleBlue
Follow
Send a Message
Quizzes Created
-
Created Quiz Play Count
-
More By This Creator
Popular Quizzes Today
1
Find the US States - No Outlines Minefield
2
Find the Countries of Europe - No Outlines Minefield
3
The Countries of the World
4
Find the US States
5
Risky Map Clicking: Biggest States A-Z
6
US States
7
Popular People in 1961
8
Movies - When Are They Set?
More Entertainment Quizzes
Two-Letter Celebrities
Published
Trending Quizzes
Risky Map Clicking: Least Populous States A-Z
Billboard Blitz: Aretha Franklin
Famous Russians: Author or Composer?
1-10 Letter G Words
Countries of the World: 200 Million BC
Recently Updated
Leaping Animals
pecheneg
Reality TV Shows (A-Z)
bhenderson79
Rickey Henderson's Hall of Fame Teammates
pecheneg
Champions League XIs: Arsenal
pecheneg
Quick Pick: Celebrities in WWE's Hall of Fame
aduchscher
A-Z Keypad Blitz II
pecheneg
Multiple Oscar Actors
pecheneg
Mystery Phrase Blitz: Oscar 'Best Actors'
pecheneg
F. Scott Fitzgerald Novels
LTH
Pick 3 Villains
ddd62291
Trending Topics
NBA
Disney
Marvel
Harry Potter
Crossword
Kpop
Anime
WWE
Country
Pokémon
The Office
NFL
Soccer
Song
Puzzle
Your Account Isn't Verified!
In order to create a playlist on Sporcle, you need to verify the email address you used during registration. Go to your
Sporcle Settings
to finish the process.
Report this User
Report this user for behavior that violates our
Community Guidelines
.
Details:
Send Report
Go to the Sporcle.com Mobile Site →
Comments